000 00677nam a2200217 a 4500
001 000014295
003 DO-SdBNP
005 20260321073639.0
008 091209s1959 ve r 000 0 spa d
040 _aDO-SdBNP
_bspa
_cBNPHU
041 _hspa
082 7 4 _a972.93053
_bB742c
_222
100 1 _a Bosch, Juan,
_d1909-2001
_976555
245 1 0 _aTrujillo :
_bcausas de una tiranía sin ejemplo /
_cJuan Bosch.
260 _aCaracas :
_bLibrería la Novedades,
_c1959.
300 _a1966 p. ;
_c20 cm.
590 _aInventariado, 2019/BT
600 1 0 _aTrujillo Molina, Rafael Leónidas,
_d 1891-1961
_976764
910 _aValidado. Control de calidad. MFF
942 _2ddc
_cLBS1
999 _c13891
_d13891